[Event "GER-ch U18 sf Berlin Online"]
[Site "Playchess.com INT"]
[Date "2020.05.01"]
[Round "6"]
[White "Barg, Simon"]
[Black "Henninger, Noah"]
[Result "0-1"]
[WhiteElo "1620"]
[BlackElo "1620"]
[PlyCount "106"]
[EventDate "2020.05.01"]
[EventType "swiss (blitz)"]
[EventRounds "13"]
[EventCountry "GER"]
[SourceTitle "CBM 195 Extra"]
[Source "ChessBase"]
[SourceDate "2020.05.31"]
[SourceVersion "1"]
[SourceVersionDate "2020.05.31"]
[SourceQuality "1"]

1. e3 e5 2. e4 Nc6 3. Qf3 Qf6 4. Qxf6 Nxf6 5. Nc3 Bc5 6. Nf3 0-0 7. Bc4 d6 8. 0-0 Re8 9. Ng5 Be6 10. Bxe6 fxe6 11. d3 h6 12. Nf3 d5 13. exd5 exd5 14. a3 d4 15. Nb5 Bb6 16. Bd2 a6 17. Nxc7 Bxc7 18. Rae1 b5 19. c4 bxc4 20. dxc4 a5 21. a4 Nb4 22. Bxb4 axb4 23. b3 Ba5 24. c5 Rac8 25. Rc1 Bc7 26. c6 Bb6 27. Nd2 Nd5 28. Nf3 Nc3 29. c7 Rxc7 30. Rce1 Rce7 31. g4 d3 32. h4 Ne2+ 33. Kg2 Nf4+ 34. Kg3 Ne2+ 35. Kg2 e4 36. Ng1 Nf4+ 37. Kg3 Bc7 38. a5 Ne2+ 39. Kg2 Nc3 40. a6 d2 41. Re3 d1Q 42. Rxd1 Nxd1 43. a7 Nxe3+ 44. Kh1 Nxg4 45. a8Q Rxa8 46. f3 exf3 47. Nxf3 Ra1+ 48. Kg2 Ne3+ 49. Kf2 Nf5 50. Kg2 Ra2+ 51. Kg1 Rd7 52. Kf1 Rd1+ 53. Ne1 Bg3 0-1

[Event "GER-ch U18 sf Berlin Online"]
[Site "Playchess.com INT"]
[Date "2020.05.01"]
[Round "7"]
[White "Henninger, Noah"]
[Black "Bueckert, Helen"]
[Result "0-1"]
[WhiteElo "1620"]
[BlackElo "1620"]
[PlyCount "166"]
[EventDate "2020.05.01"]
[EventType "swiss (blitz)"]
[EventRounds "13"]
[EventCountry "GER"]
[SourceTitle "CBM 195 Extra"]
[Source "ChessBase"]
[SourceDate "2020.05.31"]
[SourceVersion "1"]
[SourceVersionDate "2020.05.31"]
[SourceQuality "1"]

1. d4 d5 2. Nf3 Nc6 3. Bf4 Bf5 4. e3 Nb4 5. Bd3 Bxd3 6. cxd3 e6 7. a3 Nc6 8. 0-0 Qf6 9. Nc3 g5 10. Bxg5 Qf5 11. Re1 Bd6 12. e4 dxe4 13. dxe4 Qg6 14. e5 Be7 15. Bxe7 Ngxe7 16. Nh4 Qh6 17. g3 Rg8 18. Kf1 Qg5 19. Qf3 Nf5 20. Ne4 Qg4 21. Qxg4 Rxg4 22. Nxf5 exf5 23. Nf6+ Ke7 24. Nxg4 fxg4 25. d5 Nd4 26. Rad1 Nf3 27. Re4 Nxh2+ 28. Kg2 Nf3 29. e6 f5 30. Re3 h5 31. Red3 h4 32. gxh4 Ne5 33. Rd4 c5 34. d6+ Kxe6 35. R4d2 Rd8 36. b4 cxb4 37. axb4 Rxd6 38. Rxd6+ Ke7 39. h5 b6 40. h6 Kf7 41. h7 Kg7 42. h8Q+ Kxh8 43. Rd8+ Kg7 44. R1d5 Kf6 45. Rxe5 Kf7 46. Rd7+ Kg6 47. Re8 Kg5 48. Re6 Kf4 49. Re5 Kxe5 50. Rd6 Kxd6 51. Kg3 Ke6 52. Kh4 a6 53. Kh5 b5 54. Kh6 g3 55. Kh7 Ke5 56. f4+ Ke4 57. Kg6 g2 58. Kf6 g1Q 59. Ke6 Qg6+ 60. Ke7 Qg7+ 61. Ke6 Qf7+ 62. Kd6 Kd4 63. Kc6 Qe6+ 64. Kc7 Kd5 65. Kb7 Qd7+ 66. Kb6 Qd6+ 67. Ka5 Qxf4 68. Kb6 Qf3 69. Kxa6 Qa3+ 70. Kb6 Ke6 71. Kxb5 Ke5 72. Kc4 Qc1+ 73. Kb5 Qf4 74. Ka4 Kd6 75. Kb3 Kc6 76. Ka4 Kb6 77. Kb3 Kb5 78. Ka3 Qf3+ 79. Kb2 Kxb4 80. Kc2 Kc4 81. Kb2 Qf2+ 82. Ka3 Kc5 83. Ka4 Qa2# 0-1